China Subdivision to Country Match - Statistics

General Stats
  • This quiz has been taken 5 times
  • The average score is 20 of 34
Answer Stats
Subdivisions
(and Taiwan)
Population
(2020)
Answer % Correct
Guangdong 126,012,510 Japan, Mexico
100%
Gansu 25,019,831 Australia, North Korea
80%
Guizhou 38,562,148 Poland, Canada, Afghanistan
80%
Heilongjiang 31,850,088 Saudi Arabia, Ghana, Peru
80%
Anhui 61,027,171 South Africa, Tanzania
80%
Jiangxi 45,188,635 Uganda, Ukraine, Argentina
80%
Fujian 41,540,086 Afghanistan, Iraq
60%
Xinjiang 25,852,345 Australia, North Korea, Cameroon
60%
Shaanxi 39,528,999 Canada, Afghanistan
60%
Guangxi 50,126,804 Colombia, South Korea
60%
Henan 99,365,519 Democratic Republic of the Congo, Vietnam
60%
Shandong 101,527,453 Democratic Republic of the Congo, Vietnam
60%
Hainan 10,081,232 Tajikistan, Hungary, Papua New Guinea, Honduras, Azerbaijan, Sweden, Portugal, Czech Republic
60%
Hunan 66,444,864 France, United Kingdom
60%
Zhejiang 64,567,588 France, United Kingdom
60%
Jiangsu 84,748,016 Germany, Turkey (Türkiye)
60%
Sichuan 83,674,866 Germany, Turkey (Türkiye)
60%
Hubei 58,300,000 Italy, South Africa
60%
Hong Kong (Xianggang) 7,474,200 Libya, Laos, Sierra Leone
60%
Tibet (Xizang) 3,648,100 Mongolia, Eritrea, Bosnia and Herzegovina, Uruguay, Georgia, Croatia
60%
Jilin 24,073,453 Niger, Australia
60%
Inner Mongolia (Nei Menggu) 24,049,155 Niger, Australia
60%
Ningxia 7,202,654 Serbia, Bulgaria, Turkmenistan, Libya, Laos
60%
Yunnan 47,209,277 Sudan, Spain
60%
Beijing 21,893,095 Syria, Burkina Faso, Mali, Sri Lanka
60%
Hebei 74,610,235 United Kingdom, Thailand
60%
Liaoning 42,591,407 Afghanistan, Iraq
40%
Tianjin 13,866,009 Benin, Guinea
40%
Chongqing 32,054,159 Ghana, Peru
40%
Macau / Macao (Aomen) 683,218 Montenegro, Suriname, Luxembourg, Solomon Islands, Bhutan
40%
Shanghai 24,870,895 Niger, Australia
40%
Qinghai 5,923,957 Slovakia, Finland, Singapore, Lebanon, Republic of the Congo, Denmark, El Salvador, Nicaragua, Paraguay
40%
Taiwan 23,663,459 Sri Lanka, Niger
40%
Shanxi 34,915,616 Uzbekistan, Malaysia
40%
No matching quizzes found
Score Distribution
Percent of People with Each Score
Percentile by Number Answered
Your Score History
You have not taken this quiz